000 00422nam a2200181Ia 4500
001 3705
005 20260306145703.0
008 260306t2017||||xx |||||||||||||| ||spa||
041 _aESP
082 _a302
_bO74 T. 2
100 _aOrtiz Cabanillas, Pedro
_eAUT
245 0 _aPsicobiologĂ­a social
260 _c2017
300 _a406 páginas :
_c24 cm.
650 _aGEN
654 _aCPS
942 _cLIB
_dJUS
_fJUS
_2ddc
_n
999 _c3705
_d3705